000 00306nam a2200157Ia 4500
100 _aTare/ R.S.
490 _v20
942 _cBK
654 _aUnix
245 _aUnix Utilities
260 _bMc Graw Hill
_aNew York
_c1988
082 _a005.3 'U'
300 _a387
546 _aENGLISH
999 _c34140
_d34140